000 00693nam a22002297a 4500
003 OSt
005 20240530073924.0
008 210216b 2020 dr 00| 0 eng
020 _a9789945220575
040 _aDO-SdBNP
_bspa
_cBNPHU
082 4 _aRD863.44
_bG934e
_222
100 1 _aGuerrero, Laureano,
_d1952-
_977343
245 1 0 _aEl anillo /
_cLaureano Guerrero.
246 2 2 _aEl anillo :
_bnovela
260 _aSanto Domingo :
_bBúho,
_c2020.
300 _a173 p. ;
_c23 cm.
500 _aIncluye datos biográficos del autor en la solapa de la cubierta.
590 _aInventariado, 2021 /LP
650 0 _aNovela dominicana
_9223
650 4 _aLiteratura dominicana
_978181
942 _2ddc
_cLBS1
999 _c49371
_d49371